| 000 | 01253nam0a2200349 4500 | ||
|---|---|---|---|
| 001 | RU\NLR\BIBL_A\012276442 | ||
| 005 | 20240727001141.0 | ||
| 010 |
_a9785439105533 _9100 |
||
| 021 |
_aRU _b2020-11070 _9КН-П-868 |
||
| 035 | _a(RuMoRGB)010287736 | ||
| 035 | _a(NLR Aleph) 012276442 | ||
| 090 |
_a11195091 _c11195091 |
||
| 100 | _a20200619d2019 u y0rusy50 ca | ||
| 101 | 0 | _arus | |
| 102 | _aRU | ||
| 105 | _aah z 000gy | ||
| 181 | 0 |
_ai _baxxe |
|
| 182 | 0 | _an | |
| 200 | 1 |
_aМой Петербург, моя Форель, моя окрестность _e[сборник стихов] _fГалина Шпынова |
|
| 203 |
_aТекст _bвизуальный _cнепосредственный |
||
| 210 |
_aСанкт-Петербург _cАрт-Экспресс _d2019 |
||
| 215 |
_a189 с. _cцв. ил., факс. _d21 |
||
| 300 | _aНа 4-й с. обл. авт.: Г. Шпынова, лауреат ряда лит. конкурсов | ||
| 320 | _aДр. произведения авт. на 4-й с. обл. | ||
| 686 | 2 | _aШ6(2=Р)8-5 | |
| 700 | 1 |
_aШпынова _bГ. _gГалина |
|
| 942 | _cBOOK | ||
| 980 | _aNBR | ||